000 00942cam a22002891 4500
001 76596
003 BD-RjUL
005 20211209082849.0
008 740606s1967 ilua b 000 0 eng
035 _a(BD-RjUL)76820
040 _aDLC
_cDLC
_dDLC
_beng
041 _aeng
043 _ae-fr---
_ae-gx---
_ae-sz---
082 0 0 _a338.4766044
_223
_bHOC 1967
100 1 _aHohenberg, Paul M.
_93498
245 1 0 _aChemicals in western Europe, 1850-1914;
_ban economic study of technical change /
_c[by] Paul M. Hohenberg.
260 _aChicago:
_bRand McNally ,
_c[1967]
300 _a166 p. :
_billus.;
_c23 cm.
504 _aBibliography: p. [151]-160.
650 0 _aChemical industry
_zFrance.
_9236812
650 0 _aChemical industry
_zGermany.
_9236813
650 0 _aChemical industry
_zSwitzerland.
_9236814
906 _a7
_bcbc
_corignew
_du
_eocip
_f19
_gy-gencatlg
942 _2ddc
_cBK
999 _c76596
_d76596